| 000 | 00440nam a2200193Ia 4500 | ||
|---|---|---|---|
| 008 | 151121s9999||||xx |||||||||||||| ||und|| | ||
| 082 | _a823/Man | ||
| 082 | _bHNW-42053 | ||
| 100 | _aManning Olivia | ||
| 245 | 4 | _aThe Rain Forest | |
| 260 | _bPenguin Book | ||
| 260 | _c-- | ||
| 300 | _a269 | ||
| 600 | _aManning Olivia | ||
| 630 | _aThe Rain Forest | ||
| 700 | _aManning Olivia | ||
| 730 | _aThe Rain Forest | ||
| 942 | _cBOOK | ||
| 999 |
_c1230800 _d1230797 |
||